[Event "47. Miedzynarodowy Festiwal Szachowy im."]
[Site "Polanica Zdroj"]
[Date "2011.??.??"]
[Round "1.1"]
[White "Rychlik, Bogdan"]
[Black "Gralka, Julian"]
[Result "0-1"]
[WhiteElo "1820"]
[BlackElo "2282"]
[PlyCount "68"]
[EventDate "2011.??.??"]

1. e4 c5 2. Nf3 d6 3. d4 cxd4 4. Nxd4 Nf6 5. Nc3 a6 6. Bg5 e6 7. f4 Qb6 8. Nb3
Be7 9. Qf3 Nbd7 10. Bd3 Qc7 11. O-O-O b5 12. Rhe1 b4 13. Ne2 Bb7 14. g4 h6 15.
Bxf6 Bxf6 16. Qg3 g5 17. Kb1 Nc5 18. Ned4 O-O-O 19. Nf3 Kb8 20. fxg5 hxg5 21.
Nxc5 dxc5 22. e5 Be7 23. Nd2 Rd4 24. Nc4 Rhd8 25. c3 Rf4 26. Qg1 Bf3 27. Nd6
Bxd1 28. Rxd1 Bxd6 29. exd6 Rxd6 30. cxb4 Rxb4 31. h3 Qb6 32. Qh2 Ka7 33. Qf2
Rf4 34. Qe2 c4 0-1

[Event "47. Miedzynarodowy Festiwal Szachowy im"]
[Site "Polanica Zdroj"]
[Date "2011.??.??"]
[Round "1.2"]
[White "Pojedziniec, Wladyslaw"]
[Black "Feliksinski, Tadeusz"]
[Result "1-0"]
[WhiteElo "2168"]
[BlackElo "1786"]
[PlyCount "69"]
[EventDate "2011.??.??"]

1. d4 Nf6 2. c4 g6 3. Nc3 d5 4. Bf4 Bg7 5. e3 O-O 6. Rc1 Nh5 7. Bg5 c6 8. Nf3
Re8 9. Qb3 Qa5 10. cxd5 Nf6 11. dxc6 Nxc6 12. Bc4 e6 13. O-O Ne7 14. Qb5 Qd8
15. Rfd1 a6 16. Qb3 b5 17. Be2 Bb7 18. a4 Bd5 19. Nxd5 Qxd5 20. Qxd5 Nexd5 21.
axb5 axb5 22. Bxb5 Reb8 23. Bc6 Ra2 24. b3 h6 25. Bxf6 Nxf6 26. Rb1 Bf8 27. Ne5
Rc8 28. Rdc1 Rc7 29. h3 Kg7 30. b4 Rca7 31. b5 Bd6 32. Nc4 Bb8 33. b6 Re7 34.
Ra1 Rxa1 35. Rxa1 1-0

[Event "47. Miedzynarodowy Festiwal Szachowy im."]
[Site "Polanica Zdroj"]
[Date "2011.08.20"]
[Round "1.3"]
[White "Janocha, Jan"]
[Black "Olejarczyk, Bogdan"]
[Result "1/2-1/2"]
[WhiteElo "1781"]
[BlackElo "2137"]
[PlyCount "78"]
[EventDate "2011.??.??"]

1. e4 d5 2. exd5 Qxd5 3. Nf3 Nf6 4. d4 c6 5. Bf4 Qe4+ 6. Be3 Ng4 7. Qd3 Qxd3 8.
Bxd3 Nxe3 9. fxe3 g6 10. Nbd2 Bh6 11. Kf2 Nd7 12. h3 O-O 13. g4 Bg7 14. c3 e5
15. Bc2 exd4 16. exd4 Nb6 17. Rae1 Be6 18. Bb3 Bxb3 19. axb3 f5 20. Re7 Rab8
21. gxf5 Rxf5 22. Rhe1 Nd5 23. Re8+ Rxe8 24. Rxe8+ Rf8 25. Rxf8+ Kxf8 26. Ne1
Ke7 27. Nd3 Bh6 28. Ne4 Nf4 29. Nxf4 Bxf4 30. Nc5 b6 31. Nd3 Bd6 32. Kf3 a5 33.
Ke4 Ke6 34. c4 h6 35. Nf2 h5 36. Nd1 g5 37. Ne3 Bf4 38. d5+ Kd6 39. Nf5+ Kc5
1/2-1/2

[Event "47. Miedzynarodowy Festiwal Szachowy im."]
[Site "Polanica Zdroj"]
[Date "2011.??.??"]
[Round "1.4"]
[White "Drazek, Wladyslaw"]
[Black "Kwiek, Janusz"]
[Result "1-0"]
[WhiteElo "2063"]
[BlackElo "1778"]
[PlyCount "90"]
[EventDate "2011.??.??"]

1. d4 Nf6 2. c4 e6 3. Nc3 d5 4. Bg5 Nbd7 5. e3 Be7 6. Nf3 h6 7. Bh4 O-O 8. Qc2
b6 9. cxd5 exd5 10. Bd3 c5 11. Bxf6 Nxf6 12. O-O c4 13. Bf5 Bxf5 14. Qxf5 Rb8
15. e4 dxe4 16. Nxe4 Nxe4 17. Qxe4 Bf6 18. Rac1 Re8 19. Qc2 b5 20. Rfd1 Qd5 21.
b3 cxb3 22. axb3 Rbc8 23. Qxc8 Rxc8 24. Rxc8+ Kh7 25. Rc3 a5 26. Rcd3 g5 27.
Ne1 g4 28. Nc2 Bg5 29. Ne3 Bxe3 30. Rxe3 Kg6 31. Red3 h5 32. Re1 f6 33. Ra1 b4
34. Rc1 Qe4 35. Rcd1 Qd5 36. h3 Kg5 37. hxg4 hxg4 38. g3 Kg6 39. Rc1 Qe4 40.
Rcd1 Qd5 41. R1d2 Qg5 42. Rd1 Qd5 43. Re3 Kg5 44. Ree1 Kg6 45. Re3 Kf7 1-0

[Event "47. Miedzynarodowy Festiwal Szachowy im."]
[Site "Polanica Zdroj"]
[Date "2011.08.20"]
[Round "1.5"]
[White "Niezgoda, Boleslaw"]
[Black "Widera, Jan"]
[Result "1/2-1/2"]
[WhiteElo "1735"]
[BlackElo "2045"]
[PlyCount "55"]
[EventDate "2011.??.??"]

1. d4 Nf6 2. c4 c5 3. d5 e6 4. Nc3 exd5 5. cxd5 g6 6. e4 d6 7. Bg5 a6 8. a4 Bg7
9. Be2 h5 10. Bh4 Qe7 11. f4 O-O 12. Nf3 Qc7 13. O-O Bg4 14. e5 Ne8 15. exd6
Nxd6 16. Ne5 Bxe2 17. Nxe2 Nd7 18. Be7 Rfe8 19. Bxd6 Qxd6 20. Nc4 Qe7 21. Ng3
Bd4+ 22. Kh1 f5 23. Qf3 Qg7 24. Rab1 b5 25. axb5 axb5 26. Nd6 Re3 27. Qd1 Rb8
28. b4 1/2-1/2

[Event "47. Miedzynarodowy Festiwal Szachowy im."]
[Site "Polanica Zdroj"]
[Date "2011.08.20"]
[Round "1.6"]
[White "Lada, Ireneusz"]
[Black "Pudlo, Jerzy"]
[Result "1-0"]
[WhiteElo "2042"]
[BlackElo "1702"]
[PlyCount "81"]
[EventDate "2011.??.??"]

1. c4 c5 2. Nf3 Nc6 3. d4 cxd4 4. Nxd4 e5 5. Nc2 Nf6 6. Nc3 Be7 7. g3 O-O 8.
Bg2 a6 9. O-O d6 10. b4 Qc7 11. Bg5 Be6 12. Bxf6 Bxf6 13. Nd5 Bxd5 14. Bxd5 Ne7
15. e4 Nxd5 16. Qxd5 Qc6 17. Ne3 g6 18. Rfd1 Rad8 19. a4 Kg7 20. b5 axb5 21.
axb5 Qb6 22. Qd3 Qc5 23. Qe2 Be7 24. Nd5 Rfe8 25. Ra2 Bf8 26. h4 h5 27. Kg2 Rc8
28. Rc2 Ra8 29. Qf3 Be7 30. Rd3 Ra4 31. Ne3 Rea8 32. g4 hxg4 33. Qxg4 Qc8 34.
Qg3 Qh8 35. Nf5+ Kf8 36. Nxe7 Kxe7 37. Rcd2 Rxc4 38. Rxd6 Rxe4 39. Qg5+ f6 40.
Rd7+ Kf8 41. Qxg6 1-0

[Event "47. Miedzynarodowy Festiwal Szachowy im."]
[Site "Polanica Zdroj"]
[Date "2011.08.20"]
[Round "1.7"]
[White "Ossowski, Boleslaw"]
[Black "Kozicz, Andrzej"]
[Result "0-1"]
[WhiteElo "1694"]
[BlackElo "2014"]
[PlyCount "74"]
[EventDate "2011.??.??"]

1. d4 d5 2. c4 e6 3. Nc3 f5 4. cxd5 exd5 5. Bf4 c6 6. Nf3 Bd6 7. Ne5 Nf6 8. h3
Qe7 9. Bh2 Nbd7 10. f4 Ne4 11. Nxe4 fxe4 12. a3 O-O 13. e3 Qh4+ 14. g3 Qf6 15.
Ng4 Qf7 16. Qd2 c5 17. Bg2 cxd4 18. Qxd4 Nc5 19. Rd1 Nd3+ 20. Rxd3 exd3 21.
Bxd5 Be6 22. Bxe6 Qxe6 23. O-O b6 24. Qxd3 Rad8 25. f5 Qf7 26. Qb5 h5 27. Ne5
Bxe5 28. Qxe5 Rd5 29. Qe6 Rxf5 30. Qxf7+ R8xf7 31. Rxf5 Rxf5 32. Kg2 Rc5 33.
Kf3 Rc2 34. Bg1 Rxb2 35. g4 hxg4+ 36. hxg4 Ra2 37. Bh2 Rxh2 0-1

[Event "47. Miedzynarodowy Festiwal Szachowy im."]
[Site "Polanica Zdroj"]
[Date "2011.08.20"]
[Round "1.8"]
[White "Galicki, Ryszard"]
[Black "Peer, Eli"]
[Result "1-0"]
[WhiteElo "1986"]
[BlackElo "1693"]
[PlyCount "59"]
[EventDate "2011.??.??"]

1. e4 c5 2. Nf3 Nc6 3. d4 cxd4 4. Bc4 e6 5. O-O Be7 6. Nxd4 Nf6 7. Nc3 Ne5 8.
Be2 O-O 9. f4 Nc6 10. e5 Ne8 11. Be3 Nc7 12. Ndb5 Nxb5 13. Nxb5 a6 14. Nd6 Bxd6
15. Qxd6 Qe7 16. Bc5 Qxd6 17. Bxd6 Re8 18. a4 Ne7 19. g4 Nc6 20. b4 Nd4 21. Bd3
Nxc2 22. Bxc2 f6 23. g5 f5 24. b5 b6 25. Bc7 Bb7 26. Bxb6 Rec8 27. Bd3 a5 28.
Rac1 Bd5 29. Bc7 Bb7 30. b6 1-0

[Event "47. Miedzynarodowy Festiwal Szachowy im."]
[Site "Polanica Zdroj"]
[Date "2011.08.20"]
[Round "1.10"]
[White "Winiarski, Kazimierz"]
[Black "Szczerbak, Stefan"]
[Result "1-0"]
[WhiteElo "1967"]
[BlackElo "1672"]
[PlyCount "99"]
[EventDate "2011.??.??"]

1. e4 e6 2. d4 d5 3. Nd2 dxe4 4. Nxe4 Nd7 5. Nf3 Ngf6 6. Bd3 Nxe4 7. Bxe4 Nf6
8. Bd3 Bd6 9. Bg5 h6 10. Bh4 b6 11. Bb5+ Bd7 12. Bxd7+ Qxd7 13. Bxf6 gxf6 14.
Qd3 a5 15. Qe4 Rb8 16. O-O Kd8 17. c4 c6 18. Rfd1 Kc7 19. c5 Be7 20. Qf4+ Kb7
21. cxb6 Kxb6 22. Rac1 Rbc8 23. Rd3 Qd5 24. Rb3+ Ka7 25. Qe3 a4 26. Rbc3 h5 27.
Rc4 Kb7 28. Rxa4 Ra8 29. Rxa8 Rxa8 30. a3 Rg8 31. Ne1 Qg5 32. Qxg5 Rxg5 33. Nf3
Rd5 34. Kf1 Bd6 35. g3 Kb6 36. Ke2 c5 37. dxc5+ Bxc5 38. b4 Be7 39. Rc8 Rd8 40.
Rxd8 Bxd8 41. Kd3 Kb5 42. Nd2 Ka4 43. Nc4 Kb3 44. b5 Bc7 45. b6 Bb8 46. b7 e5
47. Na5+ Kxa3 48. Nc6 Bd6 49. b8=Q Bxb8 50. Nxb8 1-0

[Event "47. Miedzynarodowy Festiwal Szachowy im"]
[Site "Polanica Zdroj"]
[Date "2011.??.??"]
[Round "1.11"]
[White "Krawiec, Stanislaw"]
[Black "Przybyl, Jozef"]
[Result "0-1"]
[WhiteElo "1662"]
[BlackElo "1941"]
[PlyCount "106"]
[EventDate "2011.??.??"]

1. e4 c5 2. Nf3 e6 3. b3 Nf6 4. Nc3 d6 5. Bb2 Be7 6. Be2 Nc6 7. O-O O-O 8. Re1
a6 9. d3 b5 10. Bf1 Qc7 11. Ne2 Bb7 12. c3 Rfd8 13. Ng3 Nd7 14. d4 Bf6 15. Qd2
Rac8 16. a4 b4 17. c4 g6 18. Rad1 Ne7 19. Qf4 cxd4 20. h4 e5 21. Qg4 Nc5 22.
Nh5 Bg7 23. Nxg7 Kxg7 24. Bc1 Qd7 25. Qxd7 Rxd7 26. Nd2 f5 27. f3 Rf8 28. g3
fxe4 29. fxe4 Nc6 30. Bh3 Rdf7 31. Rf1 Na5 32. Rxf7+ Rxf7 33. Rf1 Rxf1+ 34.
Kxf1 Ncxb3 35. Nxb3 Nxb3 36. Bg5 Kf7 37. Bg2 Nc5 38. a5 Bxe4 39. Bd2 b3 40.
Bxe4 Nxe4 41. Bc1 Nxg3+ 42. Ke1 Nf5 43. Ba3 Nxh4 44. Kd2 Ke6 45. Kd3 Nf5 46. c5
dxc5 47. Bxc5 Kd5 48. Ba3 e4+ 49. Kd2 Kc4 50. Kc1 d3 51. Bb2 e3 52. Be5 d2+ 53.
Kd1 Kd3 0-1

[Event "47. Miedzynarodowy Festiwal Szachowy im."]
[Site "Polanica Zdroj"]
[Date "2011.??.??"]
[Round "1.12"]
[White "Wilczewski, Piotr"]
[Black "Zielinski, Andrzej"]
[Result "1-0"]
[WhiteElo "1908"]
[BlackElo "1618"]
[PlyCount "75"]
[EventDate "2011.??.??"]

1. e4 e6 2. d4 b6 3. Bd3 Bb7 4. f3 Nc6 5. c3 Be7 6. Ne2 Nf6 7. Bg5 h6 8. Bh4 a5
9. Nd2 Nh5 10. Bxe7 Qxe7 11. O-O O-O 12. Rf2 Qg5 13. Nf1 Rae8 14. Nfg3 Nf4 15.
Nxf4 Qxf4 16. Qe2 Ne7 17. Raf1 Ng6 18. Bb1 c6 19. Re1 Qc7 20. Nh5 e5 21. Qd2 d6
22. f4 f6 23. c4 c5 24. f5 Nh8 25. d5 Nf7 26. h4 Nh8 27. g4 Nf7 28. Bc2 Ra8 29.
Ba4 Bc8 30. Bc6 Ra7 31. a4 Nd8 32. Bb5 Qf7 33. Rg2 Bd7 34. Bxd7 Rxd7 35. Ng3
Kh8 36. g5 Qe8 37. gxh6 gxh6 38. Qxh6+ 1-0

[Event "47. Miedzynarodowy Festiwal Szachowy im."]
[Site "Polanica Zdroj"]
[Date "2011.08.20"]
[Round "1.13"]
[White "Kwiatkowski, Zygmunt"]
[Black "Olszewski, Jerzy"]
[Result "1/2-1/2"]
[WhiteElo "1613"]
[BlackElo "1885"]
[PlyCount "110"]
[EventDate "2011.??.??"]

1. c4 e5 2. Nc3 Nf6 3. g3 g6 4. Bg2 Bg7 5. d3 O-O 6. e3 d6 7. Nge2 Nc6 8. O-O
Bd7 9. h3 Rb8 10. Rb1 h6 11. a3 Nh7 12. e4 Ng5 13. Kh2 Ne6 14. b4 b6 15. Be3 a5
16. b5 Ne7 17. Qd2 Kh7 18. f4 exf4 19. gxf4 f5 20. Rf2 Ng8 21. exf5 gxf5 22.
Rg1 Ne7 23. Bf3 Qe8 24. Rfg2 Rg8 25. Nd5 Nxd5 26. Bxd5 Qf7 27. a4 Bf6 28. Ng3
Bh8 29. Ne2 Rxg2+ 30. Rxg2 Qe7 31. Ng3 Rf8 32. Re2 Qd8 33. Rg2 Qh4 34. Ne2 Nc5
35. Bxc5 dxc5 36. Ng3 Bd4 37. Ne2 Bf6 38. Qd1 Re8 39. Qg1 Be6 40. Bf3 Bf7 41.
Qf2 Qxf2 42. Rxf2 Rd8 43. Ng3 Rxd3 44. Nxf5 Bxc4 45. Be4 Rc3 46. Rg2 Bd3 47.
Bxd3 Rxd3 48. Rg3 Rd5 49. Ne3 Rd4 50. Rf3 h5 51. Kg3 Kg6 52. f5+ Kf7 53. Kg2
Rxa4 54. Nd5 Be5 55. Rd3 Ra2+ 1/2-1/2

[Event "47. Miedzynarodowy Festiwal Szachowy im."]
[Site "Polanica Zdroj"]
[Date "2011.??.??"]
[Round "1.14"]
[White "Solek, Zenon"]
[Black "Budrewicz, Henryk"]
[Result "0-1"]
[WhiteElo "1883"]
[BlackElo "1607"]
[PlyCount "64"]
[EventDate "2011.??.??"]

1. e4 c5 2. Nf3 Nc6 3. d4 cxd4 4. Nxd4 e5 5. Nb5 d6 6. N1c3 a6 7. Na3 b5 8. Nd5
Nf6 9. Bg5 Be7 10. Bxf6 gxf6 11. Bd3 Be6 12. Ne3 O-O 13. c3 Rc8 14. Nac2 Qa5
15. Nd5 f5 16. a4 Qd8 17. axb5 axb5 18. Qh5 fxe4 19. Nxe7+ Nxe7 20. Qg5+ Ng6
21. Qxd8 Rfxd8 22. Bxe4 f5 23. Bd3 Rb8 24. Ra5 Bd7 25. g3 e4 26. Be2 Ne5 27.
O-O Nc4 28. Bxc4+ bxc4 29. Nb4 Rb5 30. Ra7 Be8 31. Re7 d5 32. Rd1 d4 0-1

[Event "47. Miedzynarodowy Festiwal Szachowy im."]
[Site "Polanica Zdroj"]
[Date "2011.??.??"]
[Round "1.15"]
[White "Rabeda, Grzegorz"]
[Black "Skladzien, Romuald"]
[Result "0-1"]
[WhiteElo "1495"]
[BlackElo "1865"]
[PlyCount "98"]
[EventDate "2011.??.??"]

1. d4 f5 2. c4 Nf6 3. Nc3 g6 4. Bf4 Bg7 5. Qc2 d6 6. Rd1 O-O 7. Nf3 c6 8. e3
Na6 9. Be2 Qe8 10. O-O Nh5 11. Bg3 Nxg3 12. hxg3 e5 13. dxe5 dxe5 14. Rfe1 Qe7
15. a3 Be6 16. b4 Rad8 17. Rxd8 Rxd8 18. Rd1 Nc7 19. Rxd8+ Qxd8 20. Qd1 Qxd1+
21. Nxd1 Kf8 22. Ng5 Bg8 23. f4 e4 24. Nh3 Ke7 25. Nhf2 b6 26. g4 Ne8 27. gxf5
gxf5 28. g4 Be6 29. gxf5 Bxf5 30. Kg2 Nd6 31. Kg3 Bf6 32. Nh3 a6 33. Ng5 h6 34.
Nh3 b5 35. cxb5 axb5 36. Ng1 Ke6 37. Bf1 Kd5 38. Ne2 h5 39. Nec3+ Ke6 40. Ne2
Nc4 41. a4 Nd2 42. Bh3 bxa4 43. Bxf5+ Kxf5 44. Ndc3 a3 45. Na2 h4+ 46. Kh3 Nc4
47. Nd4+ Bxd4 48. exd4 e3 49. Kg2 h3+ 0-1

[Event "47. Miedzynarodowy Festiwal Szachowy im."]
[Site "Polanica Zdroj"]
[Date "2011.08.20"]
[Round "1.16"]
[White "Niecko, Stanislaw"]
[Black "Panczuk, Boleslaw"]
[Result "1-0"]
[WhiteElo "1856"]
[BlackElo "1482"]
[PlyCount "60"]
[EventDate "2011.??.??"]

1. e4 c5 2. Nf3 d6 3. d4 cxd4 4. Nxd4 a6 5. c4 Nf6 6. Nc3 e6 7. Be3 Be7 8. Be2
O-O 9. O-O Qc7 10. f4 Nc6 11. Qd2 Re8 12. Rad1 Bd7 13. g4 h6 14. h4 Nh7 15. g5
Bf8 16. Rf2 e5 17. Nf5 Bxf5 18. exf5 exf4 19. Bxf4 Ne5 20. gxh6 f6 21. hxg7
Bxg7 22. Qxd6 Qf7 23. Qd5 Rac8 24. Qxf7+ Kxf7 25. Bh5+ Kg8 26. Bxe8 Rxe8 27.
Bxe5 fxe5 28. Ne4 Bh6 29. Rd7 b5 30. Rxh7 Kxh7 1-0

[Event "47. Miedzynarodowy Festiwal Szachowy im."]
[Site "Polanica Zdroj"]
[Date "2011.08.20"]
[Round "1.17"]
[White "Jurkiewicz, Kazimierz"]
[Black "Santura, Janusz"]
[Result "0-1"]
[WhiteElo "1477"]
[BlackElo "1856"]
[PlyCount "42"]
[EventDate "2011.??.??"]

1. d4 d5 2. c4 c6 3. c5 e5 4. e3 e4 5. Bd2 Nf6 6. g3 Be7 7. Bh3 O-O 8. f4 exf3
9. Bxc8 f2+ 10. Kxf2 Qxc8 11. Nc3 b6 12. b4 b5 13. Qf3 a5 14. bxa5 Qe6 15. Re1
b4 16. Nce2 Ne4+ 17. Kg2 Nxd2 18. Qf4 Qe4+ 19. Nf3 Nxf3 20. Qxf3 Qxf3+ 21. Kxf3
Rxa5 0-1

[Event "47. Miedzynarodowy Festiwal Szachowy im"]
[Site "Polanica Zdroj"]
[Date "2011.??.??"]
[Round "1.18"]
[White "Dulinski, Stanislaw"]
[Black "Jagiello, Adolf"]
[Result "1-0"]
[WhiteElo "1831"]
[BlackElo "1443"]
[PlyCount "51"]
[EventDate "2011.??.??"]

1. e4 e5 2. f4 exf4 3. Nf3 g5 4. h4 Be7 5. hxg5 Bxg5 6. d4 d6 7. Bc4 h6 8. c3
Bg4 9. Qb3 Qe7 10. Qxb7 Bxf3 11. gxf3 Qd8 12. Qxa8 Ne7 13. Nd2 O-O 14. Bd3 Nec6
15. Bb5 Ne7 16. Qxa7 c6 17. Bd3 Re8 18. Kd1 Nd7 19. Kc2 Nc8 20. Qa3 Nf6 21. Rg1
Kf8 22. Nc4 Qc7 23. e5 Nd5 24. Nxd6 Qd7 25. Be4 f6 26. Bd2 1-0

[Event "47. Miedzynarodowy Festiwal Szachowy im."]
[Site "Polanica Zdroj"]
[Date "2011.??.??"]
[Round "1.19"]
[White "Wyczalek, Tytus"]
[Black "Salamon, Jan"]
[Result "0-1"]
[WhiteElo "1382"]
[BlackElo "1823"]
[PlyCount "64"]
[EventDate "2011.??.??"]

1. d4 Nf6 2. Nf3 d5 3. g3 c6 4. Bg2 Bf5 5. Nc3 e6 6. O-O Be7 7. Ne5 Nbd7 8.
Nxd7 Qxd7 9. Bg5 h6 10. Bxf6 Bxf6 11. e3 O-O 12. Ne2 e5 13. dxe5 Bxe5 14. c3
Bh3 15. Nf4 Bxf4 16. exf4 Bxg2 17. Kxg2 Rfe8 18. Re1 Rxe1 19. Qxe1 Re8 20. Qd2
Qe6 21. Kf1 Qe4 22. Kg1 b5 23. a3 a5 24. Rf1 Qe2 25. Qxe2 Rxe2 26. Rb1 Rc2 27.
Kg2 f5 28. h3 h5 29. Kf3 Kf7 30. Ke3 c5 31. Kf3 a4 32. Rd1 Ke6 0-1

[Event "47. Miedzynarodowy Festiwal Szachowy im."]
[Site "Polanica Zdroj"]
[Date "2011.??.??"]
[Round "2.2"]
[White "Przybyl, Jozef"]
[Black "Pojedziniec, Wladyslaw"]
[Result "1-0"]
[WhiteElo "1941"]
[BlackElo "2168"]
[PlyCount "141"]
[EventDate "2011.??.??"]

1. e4 c5 2. Nf3 e6 3. d4 cxd4 4. Nxd4 a6 5. Bd3 Bc5 6. Nb3 Be7 7. c4 Nc6 8. Nc3
d6 9. Be3 Nf6 10. O-O O-O 11. a3 b6 12. Qe2 Qc7 13. Nd2 Ne5 14. Bc2 Bb7 15.
Rac1 Rac8 16. Bb3 Bc6 17. f3 Qb7 18. Rc2 Rfe8 19. Rfc1 b5 20. cxb5 axb5 21. Bd4
Ned7 22. Na2 Nc5 23. Nb4 Bd7 24. Ba2 Na4 25. Bb3 Rxc2 26. Rxc2 Nc5 27. Ba2 Rc8
28. Nf1 Na6 29. Nxa6 Qxa6 30. Rxc8+ Qxc8 31. Bc3 Qb7 32. Qd2 Bc6 33. Bb4 d5 34.
Bxe7 Qxe7 35. exd5 Nxd5 36. Bxd5 Bxd5 37. Qd4 h6 38. Ne3 Bc6 39. Qc3 Qd6 40. h3
f6 41. Nc2 Bd7 42. Qd4 Qxd4+ 43. Nxd4 e5 44. Nc2 Kf7 45. Kf2 Ke6 46. Ke3 Kd6
47. Kd2 f5 48. h4 g5 49. hxg5 hxg5 50. Ne3 f4 51. Nd1 g4 52. Nc3 g3 53. b3 Kc5
54. Ne4+ Kd4 55. Nc3 Bc6 56. Ne2+ Kc5 57. Kc3 Bd7 58. Nc1 Kd5 59. Nd3 Bf5 60.
a4 bxa4 61. bxa4 Bd7 62. a5 Bb5 63. Nb4+ Kd6 64. Nd3 Ba6 65. Ne1 Bf1 66. Kb4 e4
67. fxe4 Bxg2 68. Nxg2 f3 69. Nh4 Ke5 70. Nxf3+ Kxe4 71. Nh4 1-0

[Event "47. Miedzynarodowy Festiwal Szachowy im."]
[Site "Polanica Zdroj"]
[Date "2011.??.??"]
[Round "2.3"]
[White "Skladzien, Romuald"]
[Black "Drazek, Wladyslaw"]
[Result "1/2-1/2"]
[WhiteElo "1865"]
[BlackElo "2063"]
[PlyCount "95"]
[EventDate "2011.??.??"]

1. c4 e5 2. Nc3 Nf6 3. g3 d5 4. Bg2 d4 5. Ne4 Be7 6. d3 O-O 7. Nxf6+ Bxf6 8.
Nf3 Nc6 9. O-O Bf5 10. Nd2 Qd7 11. b4 Nxb4 12. Qb3 c5 13. Ne4 Be7 14. Bg5 Bxe4
15. Bxe7 Bxg2 16. Bxf8 Bxf1 17. Bxc5 Bxe2 18. Bxb4 Qh3 19. Qb1 Qf5 20. Qb3 Bxd3
21. Re1 e4 22. Bd2 b6 23. Qb5 Qxb5 24. cxb5 f5 25. a4 Rc8 26. Bf4 Bc2 27. Ra1
Rc4 28. a5 bxa5 29. Rxa5 Ra4 30. Bd2 g6 31. Kf1 Rxa5 32. Bxa5 Bd3+ 33. Ke1 Bxb5
34. Bc7 Kf7 35. Be5 d3 36. Kd2 Ke6 37. Bd4 a5 38. Kc3 Kd5 39. Be3 Kc6 40. Kb3
Kd5 41. Kc3 Bd7 42. Bb6 g5 43. Bxa5 f4 44. Kd2 Ke5 45. Bd8 h6 46. h4 fxg3 47.
fxg3 gxh4 48. gxh4 1/2-1/2

[Event "47. Miedzynarodowy Festiwal Szachowy im."]
[Site "Polanica Zdroj"]
[Date "2011.??.??"]
[Round "2.4"]
[White "Santura, Janusz"]
[Black "Lada, Ireneusz"]
[Result "1/2-1/2"]
[WhiteElo "1856"]
[BlackElo "2042"]
[Annotator "Doe,John"]
[PlyCount "28"]
[EventDate "2011.??.??"]

1. d4 d6 2. Nf3 Bg4 3. Bf4 Nf6 4. Nbd2 g6 5. h3 Bxf3 6. Nxf3 Bg7 7. e3 O-O 8.
Bd3 c5 9. c3 Nbd7 10. O-O Qb6 11. Rb1 Rac8 12. Qc2 Rfe8 13. Nh2 e5 14. dxe5
dxe5 {dalasze zapisy sprzeczne} 1/2-1/2

[Event "47. Miedzynarodowy Festiwal Szachowy im."]
[Site "Polanica Zdroj"]
[Date "2011.??.??"]
[Round "2.5"]
[White "Kozicz, Andrzej"]
[Black "Niecko, Stanislaw"]
[Result "1/2-1/2"]
[WhiteElo "2014"]
[BlackElo "1856"]
[PlyCount "62"]
[EventDate "2011.??.??"]

1. e4 e5 2. Nf3 Nc6 3. Bc4 Nf6 4. O-O Bc5 5. d4 Bxd4 6. Nxd4 Nxd4 7. f4 d6 8.
fxe5 dxe5 9. c3 Bg4 10. Qa4+ Bd7 11. Qb4 Nc2 12. Bxf7+ Kxf7 13. Qb3+ Be6 14.
Qxc2 Bc4 15. Rd1 Qe7 16. Be3 Ng4 17. Bf2 Rhf8 18. h3 Nxf2 19. Qxf2+ Kg8 20. Qe3
Rad8 21. Na3 Rxd1+ 22. Rxd1 Bxa2 23. Qxa7 b6 24. b4 Qf7 25. Nb5 Qf2+ 26. Kh1
Bc4 27. Nxc7 Bf1 28. Rxf1 Qxf1+ 29. Kh2 Qf4+ 30. Kg1 Qf2+ 31. Kh2 Qf4+ 1/2-1/2

[Event "47. Miedzynarodowy Festiwal Szachowy im."]
[Site "Polanica Zdroj"]
[Date "2011.??.??"]
[Round "2.6"]
[White "Salamon, Jan"]
[Black "Galicki, Ryszard"]
[Result "0-1"]
[WhiteElo "1823"]
[BlackElo "1986"]
[PlyCount "71"]
[EventDate "2011.??.??"]

1. d4 Nf6 2. c4 c5 3. d5 b5 4. cxb5 a6 5. bxa6 Bxa6 6. g3 d6 7. Bg2 g6 8. Nf3
Bg7 9. O-O O-O 10. Nc3 Nbd7 11. Re1 Ng4 12. Qc2 Nge5 13. Bf4 Nc4 14. Rad1 Rb8
15. Bc1 Qa5 16. Nd2 Nxd2 17. Bxd2 Nb6 18. b3 c4 19. Nb1 cxb3 20. axb3 Qb5 21.
Na3 Qd7 22. Ba5 Rfc8 23. Qa2 Rc5 24. Bb4 Rc7 25. Nb1 Ra7 26. Qd2 Qb7 27. Bc3
Bf8 28. Qd4 f6 29. Qe3 Nd7 30. Nd2 Rc8 31. Qe6+ Kg7 32. Ne4 h6 33. h4 Bb5 34.
h5 Ne5 35. Nc5 Rxc5 36. Bxe5 0-1

[Event "47. Miedzynarodowy Festiwal Szachowy im."]
[Site "Polanica Zdroj"]
[Date "2011.??.??"]
[Round "2.7"]
[White "Czech, Mieczyslaw"]
[Black "Dulinski, Stanislaw"]
[Result "1/2-1/2"]
[WhiteElo "1967"]
[BlackElo "1831"]
[PlyCount "120"]
[EventDate "2011.??.??"]

1. d4 Nf6 2. c4 c6 3. Nc3 g6 4. e4 d6 5. Bg5 Bg7 6. Qd2 O-O 7. Bh6 Na6 8. Bxg7
Kxg7 9. Be2 e5 10. Nf3 exd4 11. Nxd4 Nc5 12. f3 Qb6 13. O-O-O a5 14. g4 a4 15.
h4 Ra5 16. h5 Ng8 17. Rh2 Kh8 18. Rdh1 g5 19. h6 f6 20. Rd1 Ne7 21. f4 Ng6 22.
fxg5 fxg5 23. Nf5 Ne6 24. Nxd6 Qc7 25. Rf1 Ngf4 26. Nf5 Rd8 27. Qc2 Nc5 28. Rd1
Rxd1+ 29. Kxd1 Qe5 30. Qd2 Nfe6 31. Bf3 Bd7 32. Rh1 Qf4 33. Qxf4 Nxf4 34. Kc2
Ncd3 35. Rd1 Ne5 36. Rd6 Ra8 37. Be2 Be6 38. b3 axb3+ 39. axb3 Kg8 40. Rd2 Kf8
41. Rd6 Nf7 42. Rd2 Bxf5 43. exf5 Rd8 44. Ne4 Rxd2+ 45. Kxd2 Nh3 46. Ke3 Nxh6
47. Kd4 b6 48. b4 Ke7 49. Ke5 Nf7+ 50. Kd4 h6 51. Bf3 Nf4 52. c5 b5 53. Nf2 Kd7
54. Ne4 Ke7 55. Nf2 Kd7 56. Nd1 Nh3 57. Nc3 Nf4 58. Na2 Nh3 59. Nc1 Nf4 60. Nb3
Kc7 1/2-1/2

[Event "47. Miedzynarodowy Festiwal Szachowy im."]
[Site "Polanica Zdroj"]
[Date "2011.??.??"]
[Round "2.9"]
[White "Budrewicz, Henryk"]
[Black "Janocha, Jan"]
[Result "1-0"]
[WhiteElo "1607"]
[BlackElo "1781"]
[PlyCount "89"]
[EventDate "2011.??.??"]

1. d4 e6 2. Nf3 Nf6 3. e3 d5 4. Bd3 c5 5. b3 Nc6 6. a3 Bd6 7. Bb2 O-O 8. Nbd2
b6 9. Ne5 Bb7 10. f4 cxd4 11. exd4 Ne7 12. O-O Ne4 13. Qe2 f5 14. Ndf3 Rf6 15.
c4 Ng6 16. g3 Rc8 17. Rac1 Bb8 18. cxd5 Bxd5 19. Ba6 Rc7 20. Rxc7 Bxc7 21. Rc1
Rf8 22. Qc2 Bxe5 23. Nxe5 Nxe5 24. dxe5 Nc5 25. Bc4 a6 26. Rd1 Qa8 27. Bxd5
exd5 28. Bd4 Ne4 29. Rc1 b5 30. Qc6 Nd2 31. Qc3 Ne4 32. Qc2 a5 33. Kg2 b4 34.
a4 Qa6 35. Kf3 g5 36. Ke3 Nc3 37. Bxc3 Rc8 38. Qd3 gxf4+ 39. gxf4 Qh6 40. Rg1+
Kf8 41. Qxf5+ Ke7 42. Qf6+ Qxf6 43. exf6+ Ke6 44. Bd4 Rc2 45. f5+ 1-0

[Event "47. Miedzynarodowy Festiwal Szachowy im."]
[Site "Polanica Zdroj"]
[Date "2011.??.??"]
[Round "2.10"]
[White "Olejarczyk, Bogdan"]
[Black "Niezgoda, Boleslaw"]
[Result "1-0"]
[WhiteElo "2137"]
[BlackElo "1735"]
[PlyCount "37"]
[EventDate "2011.??.??"]

1. d4 d5 2. Nf3 g6 3. c4 e6 4. Nc3 c6 5. Bf4 Bg7 6. e3 Nd7 7. Qc2 Ne7 8. b3 O-O
9. Bd3 f6 10. Bd6 e5 11. cxd5 Nb6 12. Bxe7 Qxe7 13. dxc6 bxc6 14. O-O Nd5 15.
Rac1 Kh8 16. Be2 Be6 17. Na4 Rac8 18. Rfd1 Bh6 19. Qc5 {blad w zapisie} 1-0

[Event "47. Miedzynarodowy Festiwal Szachowy im."]
[Site "Polanica Zdroj"]
[Date "2011.??.??"]
[Round "2.11"]
[White "Widera, Jan"]
[Black "Kwiatkowski, Zygmunt"]
[Result "1-0"]
[WhiteElo "2045"]
[BlackElo "1613"]
[PlyCount "91"]
[EventDate "2011.??.??"]

1. e4 c6 2. c4 d5 3. exd5 cxd5 4. cxd5 Qxd5 5. d4 Nc6 6. Nf3 e6 7. Be2 Nf6 8.
O-O Be7 9. Nc3 Qa5 10. a3 a6 11. Bd2 Qd8 12. Bg5 O-O 13. Rc1 h6 14. Bf4 Nd5 15.
Nxd5 exd5 16. Qd3 Bf6 17. Ne5 Qb6 18. Nxc6 bxc6 19. Rfd1 a5 20. Be3 Ba6 21. Qd2
Bxe2 22. Qxe2 Rfe8 23. Qd2 Re6 24. Rc2 Rae8 25. h3 a4 26. Rdc1 Qa6 27. Rc5 Bd8
28. Qc2 R8e7 29. Rxc6 Bb6 30. Rc8+ Re8 31. Rxe8+ Rxe8 32. Qc6 Rd8 33. Rc5 Qa7
34. Rxd5 Rxd5 35. Qxd5 Kf8 36. Qd6+ Kg8 37. Qe5 Kf8 38. d5 Bxe3 39. fxe3 Qb6
40. Kf2 f6 41. Qc3 Kf7 42. Qb4 Qa7 43. Qb5 Ke7 44. Qc6 f5 45. Qe6+ Kd8 46. Qg8+
1-0